[Event "4th Mumbai Mayors Cup"]
[Site "Mumbai IND"]
[Date "2011.09.23"]
[Round "10"]
[White "Priyadharshan,K"]
[Black "Koshy,V"]
[Result "1-0"]
[WhiteElo "2376"]
[BlackElo "2279"]

1.e4 d6 2.d4 Nf6 3.Nc3 e5 4.Nf3 exd4 5.Nxd4 g6 6.g3 Bg7 7.Bg2 O-O 8.O-O Nc6
9.Nde2 Re8 10.h3 Bd7 11.Re1 b5 12.Nf4 Rb8 13.Ncd5 Nxd5 14.Nxd5 f5 15.h4 h6
16.Bd2 Kh7 17.Bc3 Bxc3 18.bxc3 Ne5 19.h5 c6 20.hxg6+ Nxg6 21.exf5 Rxe1+ 22.Qxe1 Bxf5
23.Nb4 Ne7 24.Nxc6 Nxc6 25.Bxc6 Qf6 26.Qe3 Rb6 27.Be4 Bxe4 28.Qxe4+ Qg6 29.Qf3 Qe6
30.Rd1 Rb8 31.Rd3 Rg8 32.Re3 Qd7 33.Qf6  1-0

[Event "34th OFSz Mayor's Cup"]
[Site "Zabrze POL"]
[Date "2011.09.23"]
[Round "1.2"]
[White "Czornik,J"]
[Black "Juroszek,T"]
[Result "1/2-1/2"]
[WhiteElo "1838"]
[BlackElo "2335"]

1.e4 d6 2.d4 Nf6 3.Nc3 c6 4.f3 Qb6 5.Bc4 e6 6.Nge2 d5 7.Bb3 Be7 8.O-O Qd8
9.Kh1 b5 10.Ng3 h5 11.Re1 h4 12.Nf1 h3 13.g3 b4 14.Na4 dxe4 15.fxe4 c5 16.d5 exd5
17.exd5 Kf8 18.Bf4 Bd6 19.Bxd6+ Qxd6 20.c4 Nc6 21.Qd2 Nd4 22.Qf4 Qxf4 23.gxf4 Bf5
24.Ng3 Rc8 25.Nxf5 Nxf5 26.Rad1 Nd6 27.Re3 Rh4 28.Kg1 Nfe4 29.Rf3 Re8 30.Bc2 Nf6
31.Bd3 Nd7 32.b3 g6  1/2-1/2

[Event "TCh-HUN 2011-12"]
[Site "Decs HUN"]
[Date "2011.09.25"]
[Round "1"]
[White "Hoang Thanh Trang"]
[Black "Popovic,Du"]
[Result "1/2-1/2"]
[WhiteElo "2446"]
[BlackElo "2579"]

1.d4 d6 2.e4 Nf6 3.Nc3 e5 4.Nf3 exd4 5.Nxd4 Be7 6.Bc4 O-O 7.O-O c6 8.a4 Re8
9.Re1 Bf8 10.Bg5 Nbd7 11.Qd2 h6 12.Bh4 Ne5 13.Ba2 Ng6 14.Bg3 Nh5 15.Nf5 Nxg3
16.Nxg3 Qf6 17.Rad1 Be6 18.Bxe6 Rxe6 19.b3 Rd8 20.Re3 Qg5 21.Rd3 Qxd2 22.R3xd2 Nh4
23.Nce2 g6 24.c4 Rde8 25.f4 f5 26.Nd4 Rf6 27.exf5 Nxf5 28.Ndxf5 gxf5 29.h4 Kf7
30.h5 Ree6 31.Re2 Be7 32.Kf2 Bd8 33.Kf3 Rxe2 34.Nxe2 Bb6 35.Nd4 Bxd4 36.Rxd4 Ke6
37.Rd3 Rf8 38.Re3+ Kf6 39.g4 fxg4+ 40.Kxg4 Rg8+ 41.Kf3 a5 42.Rd3 Rd8 43.Ke4 Re8+
44.Kf3 Rd8 45.Ke4 Re8+ 46.Kf3  1/2-1/2

[Event "TCh-Central Serbia 2011"]
[Site "Kraljevo SRB"]
[Date "2011.09.25"]
[Round "11.6"]
[White "Ristic,Nen"]
[Black "Djukic,Z SRB"]
[Result "1-0"]
[WhiteElo "2420"]
[BlackElo "2399"]

1.e4 d6 2.d4 Nf6 3.Nc3 e5 4.Nf3 Nbd7 5.Bc4 Be7 6.O-O O-O 7.Re1 c6 8.a4 a5
9.h3 exd4 10.Qxd4 Nc5 11.Bf4 Ne6 12.Bxe6 fxe6 13.e5 Nh5 14.exd6 Nxf4 15.dxe7 Qxe7
16.Re3 Bd7 17.Re4 Nxh3+ 18.Kh2 Rxf3 19.gxf3 Ng5 20.Re3 Rf8 21.f4 c5 22.Qe5 Nf7
23.Qh5 Nh6 24.Ne2 Rf5 25.Qh3 Qf7 26.Kg1 Rh5 27.Qf1 Bc6 28.Rh3 Qg6+ 29.Ng3 Rd5
30.Qe2 Rd4 31.Rd1 Rxf4 32.Rd8+ Kf7 33.Qe5 Qg4 34.Rxh6 gxh6 35.Qc7+  1-0

[Event "Tatry Open"]
[Site "Tatranske Zruby SVK"]
[Date "2011.09.25"]
[Round "1.56"]
[White "Zacik,A"]
[Black "Briestenska,A"]
[Result "1/2-1/2"]
[WhiteElo "2000"]
[BlackElo "1918"]

1.e4 d6 2.d4 Nf6 3.Nc3 c6 4.Bg5 Nbd7 5.Nf3 Qa5 6.Bd3 e5 7.dxe5 dxe5 8.O-O Be7
9.a3 O-O 10.Nh4 Re8 11.Nf5 Bf8 12.Bc4 Qc7 13.Qe2  1/2-1/2

[Event "Campomanes Mem GM"]
[Site "Yangon MYA"]
[Date "2011.09.25"]
[Round "7"]
[White "Mynn Htoo"]
[Black "Wynn Zaw Htun"]
[Result "0-1"]
[WhiteElo "2327"]
[BlackElo "2374"]

1.e4 d6 2.d4 Nf6 3.Nc3 Nbd7 4.Nf3 e5 5.h3 Be7 6.Be3 O-O 7.g4 c6 8.Bg2 b5
9.a3 Bb7 10.O-O a6 11.Re1 Qc7 12.Nd2 Nb6 13.f4 Rfe8 14.Qf3 Nfd7 15.Qf2 exd4
16.Bxd4 c5 17.Be3 Bf8 18.Rad1 Rad8 19.Kh1 b4 20.Ne2 d5 21.exd5 Nxd5 22.Nc4 N7b6
23.Nxb6 Nxe3  0-1

[Event "Dinos-Guajes"]
[Site "Aviles ESP"]
[Date "2011.09.26"]
[Round "1"]
[White "Alonso Alvarez,A"]
[Black "Diaz Iglesias,J"]
[Result "1-0"]
[WhiteElo "2251"]
[BlackElo "2188"]

1.e4 d6 2.d4 Nf6 3.Nc3 e5 4.Nge2 Nbd7 5.f3 c6 6.Be3 Be7 7.Qd2 Qa5 8.Ng3 g6
9.O-O-O a6 10.Kb1 b5 11.h4 h5 12.Bg5 Qd8 13.Be2 Bb7 14.f4 Ng4 15.Bxg4 hxg4
16.h5 Bxg5 17.fxg5 Nf8 18.dxe5 dxe5 19.Qe3 Qe7 20.hxg6 Nxg6 21.Rxh8+ Nxh8
22.Nf5 Qc7 23.Qc5  1-0

[Event "16th ECC w"]
[Site "Rogaska Slatina SLO"]
[Date "2011.09.27"]
[Round "3.4"]
[White "Zaiatz,E"]
[Black "Chelushkina,I"]
[Result "1-0"]
[WhiteElo "2441"]
[BlackElo "2287"]

1.d4 d6 2.e4 Nf6 3.Nc3 c6 4.f4 Bg4 5.Nf3 Qa5 6.Bd3 Nbd7 7.e5 Nd5 8.Bd2 Qb6
9.Na4 Qd8 10.c4 Nc7 11.h3 Bxf3 12.Qxf3 Nb6 13.Nc3 dxe5 14.dxe5 Qd4 15.O-O-O Nxc4
16.Rhe1 e6 17.Be3 Nxe3 18.Rxe3 Qb6 19.Bc2 Be7 20.Red3 Qa6 21.f5 Nd5 22.Nxd5 cxd5
23.Kb1 O-O-O 24.fxe6 fxe6 25.Rc3+ Kb8 26.Qf7 Rd7 27.Qxg7 Rhd8 28.Bd3 Qa4
29.Rc2 Qf4 30.Bb5 Bf8 31.Qxd7 Rxd7 32.Bxd7 a6 33.Bxe6 d4 34.Bg4 Ka7 35.e6 Kb6
36.Re2 Be7 37.Bf3 Qd6 38.Rd3 Ka7 39.Re4 Bf6 40.e7 Bxe7 41.Rexd4 Qg6 42.Rd7 a5
43.Rxb7+ Ka6 44.Rd7 a4 45.a3 Bc5 46.Rd5 Kb6 47.h4 Qg3 48.h5 Qe1+ 49.Rd1 Qe6
50.Rc1 Be7 51.Rd4 Ka5 52.Rc6 Qe1+ 53.Ka2  1-0

[Event "Tatry Open"]
[Site "Tatranske Zruby SVK"]
[Date "2011.09.27"]
[Round "3.53"]
[White "Balko,D"]
[Black "Framberk,J"]
[Result "1/2-1/2"]
[WhiteElo "1854"]
[BlackElo "2070"]

1.d4 Nf6 2.Nc3 d6 3.e4 c6 4.Nf3 Qa5 5.Bd2 Bg4 6.Nd5 Qd8 7.Nxf6+ gxf6 8.h3 Bh5
9.g4 Bg6 10.Bd3 Qb6 11.b4 h5 12.O-O Nd7 13.a4 e6 14.a5 Qc7 15.g5 Bg7 16.gxf6 Bxf6
17.Bg5 Rg8 18.h4 Bxg5 19.Nxg5 O-O-O 20.Kh1 Nf6 21.f4 d5 22.e5 Ng4 23.Qe1 Bxd3
24.cxd3 Qd7 25.Rc1 Kb8 26.Rf3 Rg7 27.Ra1 Nh6 28.Rh3 Nf5 29.Qc3 Qe7 30.a6 b6
31.Rc1 Rc8 32.Qb2 Rc7 33.Rh2 f6 34.exf6 Qxf6 35.Rhc2 Ng3+ 36.Kg2 Qxf4 37.Rf2 Qd6
38.Rf3 Nf5 39.Kh3 Qe7 40.Rg1 Rc8 41.Qh2+ Qd6 42.Qxd6+ Nxd6 43.Re1 Nb5 44.Nxe6 Re7
45.Rf6 Rce8 46.Re5 Nxd4 47.Nxd4 Rxe5 48.Nxc6+ Kc7 49.Nxe5 Rxe5 50.Rf7+ Kc6
51.Rxa7 Re3+ 52.Kg2 Rxd3 53.Rh7 Ra3 54.Rxh5 Rxa6 55.b5+ Kxb5 56.Rxd5+ Kc4
57.Rd6 Ra2+ 58.Kg3 b5 59.h5 b4 60.h6  1/2-1/2

[Event "Tatry Open"]
[Site "Tatranske Zruby SVK"]
[Date "2011.09.27"]
[Round "3.50"]
[White "Karczynski,L"]
[Black "Mocary,M"]
[Result "1/2-1/2"]
[WhiteElo "1890"]
[BlackElo "1990"]

1.e4 d6 2.d4 Nf6 3.Nc3 c6 4.a4 a5 5.Nf3 g6 6.Be2 Bg7 7.O-O O-O 8.h3 Na6 9.Be3 Nc7
10.Qd2 Bd7 11.Nh2 b5 12.axb5 Nxb5 13.Nxb5 cxb5 14.Bf3 e5 15.Rfd1 Qc7 16.Ng4 Nxg4
17.hxg4 a4 18.dxe5 Bxe5 19.c3 Qc8 20.g5 Bc6 21.g3 f5 22.gxf6 Rxf6 23.Qe2 Qb7
24.Bg5 Rf7 25.Bg2 Re8 26.f4 Bf6 27.Bxf6 Rxf6 28.Rd4 Rfe6 29.Re1 Qa7 30.Kh2 a3
31.bxa3 Qxa3 32.Qd3 Qc5 33.Rd1 Qh5+ 34.Kg1 Qg4 35.Qf3 Qxf3 36.Bxf3 Bxe4 37.Bxe4 Rxe4
38.Rxd6 Re3 39.R6d3 Kf7 40.Kf2 Rxd3 41.Rxd3 h5 42.Rd7+ Kf6 43.Rb7 Rc8 44.Rxb5 Rxc3  1/2-1/2

[Event "Tatry Open"]
[Site "Tatranske Zruby SVK"]
[Date "2011.09.27"]
[Round "4.33"]
[White "Janos,I"]
[Black "Vagner,La"]
[Result "0-1"]
[WhiteElo "2142"]
[BlackElo "1998"]

1.e4 d6 2.d4 Nf6 3.Nc3 c6 4.Be3 Qb6 5.a3 Ng4 6.Bc4 Nxe3 7.fxe3 e6 8.Nf3 Be7
9.O-O O-O 10.Qe2 Nd7 11.Qf2 e5 12.Bb3 Nf6 13.h3 Qc7 14.Nd2 Be6 15.Bxe6 fxe6
16.Qe2 exd4 17.exd4 Qb6 18.Nf3 Nh5 19.Qc4 Nf4 20.Qa2 Bf6 21.Rad1 Rae8 22.Kh1 Qa5
23.Rde1 Qh5 24.Qb3 Bh4 25.Nxh4 Qxh4 26.Nd1 d5 27.exd5 exd5 28.Rxe8 Rxe8 29.Qxb7 Qg3
30.Rg1 Qg6 31.Qb3 Ne2 32.Nf2 Nxg1 33.Kxg1 Re1+ 34.Kh2 Qd6+ 35.g3 Re2 36.Kg1 Qf6  0-1

[Event "US Chess League 2011"]
[Site "ICC INT"]
[Date "2011.09.28"]
[Round "5"]
[White "Vovsha,E"]
[Black "Krush,I"]
[Result "1/2-1/2"]
[WhiteElo "2484"]
[BlackElo "2472"]

1.e4 d6 2.d4 Nf6 3.Nc3 e5 4.Nf3 Nbd7 5.Bc4 Be7 6.O-O O-O 7.a4 a5 8.Re1 c6
9.h3 Nb6 10.Bf1 Qc7 11.Be3 Nfd7 12.Nh2 exd4 13.Bxd4 Nc5 14.Qf3 f6 15.Qg3 Bd8
16.Ng4 Kh8 17.h4 Qf7 18.e5 Bxg4 19.exd6 Qh5 20.Bxc5 Qxc5 21.Qxg4 Qxd6 22.Ne4 Qb4
23.c3 Qb3 24.Nc5 f5 25.Qh5 g6 26.Qh6 Qf7 27.Nxb7 Bf6 28.h5 Qxb7 29.hxg6 Qg7
30.Qe3 Nd5 31.Qe6 Qxg6 32.Qxc6 Nf4 33.g3 Nh5 34.Qf3 f4 35.g4 Rg8 36.Bh3 Qg5
37.Rad1 Rad8 38.Kf1 Ng7 39.Bg2 Rxd1 40.Rxd1 Rd8 41.Rxd8+ Bxd8 42.Qa8 Ne6
43.Bf3 Kg7 44.b4 Qe5 45.Qb7+ Qc7 46.Qd5 Ng5 47.Be2 Bf6 48.bxa5 Qxc3 49.f3 Qa1+
50.Bd1 Nf7 51.a6 Bd4 52.Qb3 Ne5 53.Ke2 Nf7 54.Kd3 Bf6 55.Be2 Qd4+ 56.Kc2 Qf2
57.Kd1 Bd4 58.Qd5 Qe3 59.Bc4 Qg1+ 60.Kc2 Qf2+ 61.Kd1 Qg1+ 62.Kc2 Qf2+ 63.Kd1 Qg1+  1/2-1/2

[Event "US Chess League 2011"]
[Site "ICC INT"]
[Date "2011.09.28"]
[Round "5"]
[White "Kraai,J"]
[Black "Akobian,V"]
[Result "1/2-1/2"]
[WhiteElo "2514"]
[BlackElo "2610"]

1.e4 d6 2.d4 Nf6 3.Nc3 c6 4.Nf3 Bg4 5.Be2 Nbd7 6.O-O e5 7.Be3 Be7 8.h3 Bh5
9.Nh4 Bg6 10.Nxg6 hxg6 11.a4 O-O 12.Bc4 Qc7 13.Ba2 a6 14.a5 Rad8 15.Qf3 Kh7
16.Bb3 Kh8 17.Rfd1  1/2-1/2

[Event "Tatry Open"]
[Site "Tatranske Zruby SVK"]
[Date "2011.09.28"]
[Round "5.58"]
[White "Kvassay,P"]
[Black "Briestenska,A"]
[Result "1/2-1/2"]
[WhiteElo "2080"]
[BlackElo "1918"]

1.d4 d6 2.e4 Nf6 3.Nc3 c6 4.a4 Qc7 5.h3 e5 6.Nf3 Nbd7 7.Be3 Be7 8.dxe5 dxe5
9.Bc4 O-O 10.Qe2 Nc5 11.Ng5 b6 12.O-O a5 13.Rad1 h6 14.Nf3 Be6 15.Bxe6 Nxe6
16.Qc4 Bc5 17.Bxc5 Nxc5 18.Rd2 Rfe8 19.Rfd1 g6 20.g3 Re6 21.Kg2 Kg7 22.Ne1 Rc8
23.Kh2 Ne8 24.Qe2 Nf6 25.b3 Rce8 26.Qc4 R6e7 27.Kg2 Re6 28.Kh2 R6e7 29.Ng2 Nh5
30.Ne3 Nf6 31.Kg2 Re6 32.Ng4 Qe7 33.Ne3 Nh5 34.Qe2 Nf6 35.Nc4 Rb8 36.Qe3 Ne8
37.Qe2 Rb7 38.Qe3 Rb8 39.Kh2 Kh7 40.Kg2 Kg7  1/2-1/2

[Event "34th OFSz Mayor's Cup"]
[Site "Zabrze POL"]
[Date "2011.09.28"]
[Round "8.1"]
[White "Szczecina,K"]
[Black "Malaniuk,V"]
[Result "0-1"]
[WhiteElo "1772"]
[BlackElo "2496"]

1.e4 d6 2.d4 Nf6 3.Nc3 Nbd7 4.Nf3 e5 5.Bc4 Be7 6.O-O O-O 7.h3 c6 8.a4 a5
9.Be3 Nb6 10.Bd3 Nfd7 11.dxe5 dxe5 12.Ne2 Qc7 13.Ng3 Nc5 14.Bxc5 Bxc5 15.Qe2 Re8
16.Kh1 Bf8 17.Nd2 Be6 18.Nc4 Nd7 19.Ne3 Nc5 20.Bc4 Rad8 21.Bxe6 Nxe6 22.Rfd1 Rd4
23.Nef5 Rxd1+ 24.Rxd1 Rd8 25.Rxd8 Qxd8 26.Ne3 Qb6 27.b3 Qb4 28.Qc4 b5 29.Qxb4 Bxb4
30.axb5 cxb5 31.Ne2 a4 32.bxa4 bxa4 33.Nc4 Nd4 34.c3 Nxe2 35.cxb4 Nc3 36.Nd2 Kf8
37.f3 a3 38.Nb3 Ke7 39.Kg1 Kd6 40.Kf2 Kc6 41.Ke3 Kb5 42.Kd3 Kxb4 43.Na1 Nb5  0-1

[Event "Tatry Open"]
[Site "Tatranske Zruby SVK"]
[Date "2011.09.29"]
[Round "6.40"]
[White "Zemlicka,V"]
[Black "Vlach,K"]
[Result "1/2-1/2"]
[WhiteElo "1949"]
[BlackElo "2183"]

1.e4 d6 2.d4 Nf6 3.Nc3 e5 4.Nf3 Nbd7 5.Bc4 Be7 6.O-O O-O 7.Re1 a6 8.a4 c6
9.a5 b5 10.axb6 Qxb6 11.Bf1 Re8 12.b3 Bf8 13.Bb2 Bb7 14.dxe5 Nxe5 15.Nxe5 dxe5
16.Qf3 a5 17.Red1  1/2-1/2

[Event "Tatry Open"]
[Site "Tatranske Zruby SVK"]
[Date "2011.09.29"]
[Round "6.41"]
[White "Matejov,J"]
[Black "Mosny,J"]
[Result "1-0"]
[WhiteElo "2175"]
[BlackElo "1941"]

1.e4 d6 2.d4 Nf6 3.Nc3 e5 4.Nf3 exd4 5.Nxd4 Be7 6.f3 O-O 7.Be3 Re8 8.Qd2 Nc6
9.O-O-O Nxd4 10.Bxd4 Be6 11.g4 c5 12.Be3 Qa5 13.Kb1 b5 14.Nd5 b4 15.Bc4 Bxd5
16.Bxd5 Nxd5 17.Qxd5 Rab8 18.Bf4 Qb6 19.h4 c4 20.Qxc4 Rbc8 21.Qb3 a5 22.a4  1-0

[Event "Tatry Open"]
[Site "Tatranske Zruby SVK"]
[Date "2011.09.30"]
[Round "7.54"]
[White "Pecha,V"]
[Black "Taborska,V"]
[Result "0-1"]
[WhiteElo "1786"]
[BlackElo "2024"]

1.e4 d6 2.d4 Nf6 3.Nc3 c6 4.a4 g6 5.Bc4 Nxe4 6.Bxf7+ Kxf7 7.Nxe4 Bg7 8.Ng5+ Ke8
9.Ne2 Na6 10.c3 h6 11.Ne4 d5 12.N4g3 Qd6 13.Qc2 Rf8 14.O-O Bg4 15.h3 Bxe2
16.Nxe2 Kd7 17.b4 Nc7 18.b5 cxb5 19.Ba3 Qc6 20.Rfe1 Rae8 21.Bb4 a6 22.a5 Rf7
23.Bc5 e5 24.Rad1 e4 25.Nc1 g5 26.Qe2 Qe6 27.Qh5 Qf5 28.Rf1 Ne6 29.Qe2 Nf4
30.Qg4 Qxg4 31.hxg4 h5 32.gxh5 Nxh5 33.Nb3 g4 34.Bb4 Kc6 35.Rde1 Bh6 36.Nc1 Bxc1
37.Rxc1 Nf4 38.Rc2 Nd3 39.Ba3 Rh8 40.Rd1 Rfh7 41.Kf1 Rh1+ 42.Ke2 Rxd1 43.Kxd1 Rh1+
44.Ke2 Rh2 45.Kf1 Rh1+ 46.Ke2 Nf4+  0-1

[Event "Tatry Open"]
[Site "Tatranske Zruby SVK"]
[Date "2011.09.30"]
[Round "7.15"]
[White "Gombar,P"]
[Black "Briestensky,R"]
[Result "0-1"]
[WhiteElo "2033"]
[BlackElo "2300"]

1.e4 d6 2.d4 Nf6 3.Nc3 c6 4.Be2 Qc7 5.Bg5 Nbd7 6.Nf3 e5 7.O-O Be7 8.a4 h6
9.Bh4 O-O 10.h3 Re8 11.Re1 Nf8 12.Bf1 Ng6 13.Bg3 a5 14.Qd2 Nh5 15.Bh2 Nhf4
16.Ne2 Ne6 17.Rad1 Bf8 18.c3 b6 19.Nc1 Bb7 20.Nd3 Nd8 21.dxe5 dxe5 22.Nd4 Bc8
23.Nf5 Be6 24.f4 Bb3 25.Ra1 exf4 26.Nxf4 Nxf4 27.Bxf4 Qb7 28.c4 Ne6 29.Bg3 b5
30.cxb5 cxb5 31.Bxb5 Rac8 32.Bd6 Bxd6 33.Nxd6 Qb6+ 34.Qe3 Qxd6 35.Qxb3 Nd4
36.Qd3 Qc5 37.Kh1 Nxb5 38.Qxb5 Qxb5 39.axb5 Rb8 40.Red1 Rxb5 41.Rd5 Rxd5
42.exd5 Kf8 43.Ra4 Rb8 44.Rxa5 Rxb2 45.d6 Rb8 46.Kh2 Rd8 47.Rd5 f6 48.g4 Kf7
49.Kg3 Ke6 50.Rd3 Rxd6 51.Re3+ Kf7 52.Ra3 Rd5 53.Rb3 Kg6 54.Ra3 h5 55.Rb3 Kg5
56.Ra3 Rb5 57.Rc3 h4+ 58.Kf3 g6 59.Ra3 Rb2 60.Ra5+ f5 61.gxf5 gxf5 62.Ra8 Rb3+
63.Kg2 Rg3+ 64.Kh2 Re3 65.Kg2 Kf4 66.Ra4+ Re4 67.Ra2 Rd4 68.Rf2+ Ke5 69.Re2+ Re4
70.Ra2 Re3 71.Rb2 Rg3+ 72.Kh2 Rd3 73.Kg2 Ke4 74.Re2+ Re3 75.Ra2 Rg3+ 76.Kh2 Rd3
77.Kg2 f4 78.Re2+ Kd4 79.Ra2 Ke3 80.Rf2 Rd8 81.Rf3+ Ke4 82.Rf2 Rg8+ 83.Kh2 Ke3
84.Ra2 Rd8 85.Ra3+ Rd3 86.Ra8 Rd2+ 87.Kg1 Rd1+ 88.Kh2 Rd2+ 89.Kg1 Rd3 90.Rh8 Ke2
91.Rxh4 Rd1+ 92.Kg2 f3+ 93.Kg3 Rg1+ 94.Kh2 f2  0-1

[Event "8th Highlands Open"]
[Site "Zdar nad Sazavou CZE"]
[Date "2011.09.30"]
[Round "8"]
[White "Parligras,C"]
[Black "Bhakti,K"]
[Result "1/2-1/2"]
[WhiteElo "2267"]
[BlackElo "2289"]

1.e4 d6 2.d4 Nf6 3.Nc3 e5 4.Nf3 exd4 5.Nxd4 Be7 6.g3 O-O 7.Bg2 Re8 8.O-O Na6
9.b3 Bf8 10.Bb2 Nc5 11.Re1 c6 12.h3 Qb6 13.Qd2 Bd7 14.Re2 Rad8 15.Rae1 g6
16.Nf3 Bg7 17.Qc1 Bc8 18.Qa1 Nh5 19.Kh2 Qc7 20.Nd1 Rd7 21.Bxg7 Nxg7 22.Qd4 Rde7
23.c4 Nf5 24.exf5 Rxe2 25.Rxe2 Rxe2 26.Nc3 Rc2 27.b4 Nd7 28.Ne1 Rc1 29.Qe3 Rxc3
30.Qxc3 gxf5 31.Nd3 Ne5 32.Nf4 Be6 33.Nh5 Kf8  1/2-1/2

[Event "III Tancat IM"]
[Site "Barcelona ESP"]
[Date "2011.10.01"]
[Round "1"]
[White "Avila Jimenez,J"]
[Black "Ryan,Jo"]
[Result "1-0"]
[WhiteElo "2279"]
[BlackElo "2288"]

1.d4 d6 2.e4 Nf6 3.Nc3 e5 4.dxe5 dxe5 5.Qxd8+ Kxd8 6.Bg5 Be6 7.O-O-O+ Ke8
8.f4 exf4 9.Nf3 c6 10.Nd4 Nbd7 11.a3 Ng4 12.Rd2 Nge5 13.Nxe6 fxe6 14.Be2 Be7
15.Bxf4 Bf6 16.Rhd1 h6 17.h3 Ke7 18.Na4 Rad8 19.Be3 Bg5 20.Bxg5+ hxg5 21.b4 Rhf8
22.Bd3 Rf4 23.Nc3 Rdf8 24.Ne2 Rf2 25.Nd4 c5 26.Nf5+ exf5 27.Rxf2 c4 28.Be2 f4
29.Rd4 b5 30.Rd5 a6 31.Bg4 Nxg4 32.hxg4 Nf6 33.Rxg5 Kf7 34.Rxf4  1-0

[Event "Belgrade Premier League 2011"]
[Site "Belgrade SRB"]
[Date "2011.10.01"]
[Round "1.4"]
[White "Vucinic,G"]
[Black "Kiproski,B"]
[Result "1-0"]
[WhiteElo "2134"]
[BlackElo "2003"]

1.e4 d6 2.d4 Nf6 3.Nc3 e5 4.Nf3 Nbd7 5.Bc4 Be7 6.O-O O-O 7.Re1 c6 8.a4 a5
9.b3 exd4 10.Nxd4 Nb6 11.Bd3 Re8 12.h3 Bf8 13.Bf4 Nfd7 14.Qd2 Ne5 15.Bf1 h6
16.Rad1 Ng6 17.Bg3 d5 18.exd5 Rxe1 19.Qxe1 Nxd5 20.Nxd5 Qxd5 21.Bc4 Qc5 22.Qe8 Qe7
23.Re1 Qxe8 24.Rxe8 b6 25.Nxc6 Bb7 26.Nd8 Nh8 27.Bd6  1-0

[Event "Tatry Open"]
[Site "Tatranske Zruby SVK"]
[Date "2011.10.01"]
[Round "8.26"]
[White "Koval,A"]
[Black "Vagner,La"]
[Result "1-0"]
[WhiteElo "2177"]
[BlackElo "1998"]

1.e4 d6 2.d4 Nf6 3.Nc3 c6 4.Nf3 Bg4 5.Be2 Qa5 6.O-O Nbd7 7.a3 e6 8.h3 Bh5
9.b4 Qc7 10.Be3 Be7 11.Qd2 Rc8 12.Rad1 Bg6 13.Bd3 O-O 14.Nh2 c5 15.Nb5 Qb8
16.bxc5 dxc5 17.Bf4 e5 18.dxe5 Nxe5 19.Nf3 Nxf3+ 20.gxf3 Qa8 21.Nc7 Rxc7
22.Bxc7 Qc8 23.Qf4 Qxh3 24.Qg3 Qe6 25.Qe5 Ne8 26.Bb8 Qxe5 27.Bxe5 a6 28.Bc4 b5
29.Bd5 Nd6 30.Bxd6 Bxd6 31.Bb7 Be5 32.Bxa6 b4 33.axb4 cxb4 34.Rd5 Bc3 35.Rfd1 Bf6
36.Bc4 h6 37.Rd7 Rc8 38.Bb3 Bh5 39.Kg2 Rc3 40.R1d3 Rc8 41.Rb7 Bc3 42.Rdd7 Rf8
43.f4 Bg6 44.f3 Be1 45.f5 Bh5 46.Rd1 Bc3 47.Rh1 g6 48.fxg6 Bxg6 49.Rxh6 Kg7
50.Rh1 Rd8 51.Bd5 Rc8 52.f4 Bd4 53.f5 Rxc2+ 54.Kg3 Be5+ 55.Kf3 Rc3+ 56.Ke2 b3
57.Bxb3  1-0

[Event "Tatry Open"]
[Site "Tatranske Zruby SVK"]
[Date "2011.10.01"]
[Round "8.30"]
[White "Vanka,M"]
[Black "Briestenska,A"]
[Result "1/2-1/2"]
[WhiteElo "2113"]
[BlackElo "1918"]

1.e4 d6 2.d4 Nf6 3.Nc3 c6 4.f4 Qa5 5.Bd2 e5 6.dxe5 dxe5 7.fxe5 Ng4 8.Bc4 Nxe5
9.Bb3 Bg4 10.Nf3 Qc7 11.Qe2 Nbd7 12.Qf2 Bc5 13.Qg3 Bd6 14.Nxe5 Nxe5 15.Bf4 h5
16.O-O h4 17.Qf2 f6 18.h3 Bd7 19.Rad1 b6 20.Kh1 g5 21.Be3 Rf8 22.Qd2 Be7
23.Ne2 O-O-O 24.Qc3 g4 25.Nf4 gxh3 26.gxh3 Kb7 27.Bd4 Bd6 28.Ne6 Bxe6 29.Bxe6 Qe7
30.Bf5 Bb4 31.Qe3 Rg8 32.Rg1 Rxg1+ 33.Rxg1 Rxd4 34.Qxd4 Bc5 35.Qd1 Bxg1 36.Qxg1 Qb4
37.b3 Nf3 38.Qe3 Ne5 39.Qf2 Qa3 40.Qxh4 Qc1+ 41.Kg2 Qxc2+ 42.Qf2 Qc1 43.h4 Nd3
44.Qf1 Qd2+ 45.Kg3 Qe3+ 46.Kg2 Ne1+ 47.Kh1 Nf3 48.h5 Qf4 49.Qf2 Qc1+  1/2-1/2

[Event "FSIMA Oct"]
[Site "Budapest HUN"]
[Date "2011.10.02"]
[Round "2"]
[White "Farago,S"]
[Black "Korpa,B"]
[Result "1-0"]
[WhiteElo "2278"]
[BlackElo "2237"]

1.e4 d6 2.d4 Nf6 3.Nc3 e5 4.Nf3 Nbd7 5.Bc4 Be7 6.O-O O-O 7.Re1 c6 8.a4 exd4
9.Nxd4 Ne5 10.Bf1 Re8 11.h3 Bd7 12.f4 Ng6 13.Be3 Bf8 14.Bd3 c5 15.Nf3 Be6
16.Ng5 d5 17.e5 d4 18.exf6 gxf6 19.Nxh7 Kxh7 20.Qh5+ Kg8 21.Rad1 Qc7 22.Nd5 Bxd5
23.Qxd5 Rad8 24.Qc4 Nxf4 25.Bxf4 Qxf4 26.Bg6 Qc7 27.Rxe8 Rxe8 28.Rxd4 Re5
29.Rh4 Bg7 30.Bh7+ Kf8 31.Bd3 Qe7 32.Qf4 f5 33.c3 Qd8 34.Qc4 Qg5 35.Rf4 Bh6
36.Rf1 Qe3+ 37.Kh1 f4 38.b4 Kg8 39.Bg6 Re6 40.Bh5 Qe4 41.Qxc5 Rc6 42.Qxa7 Rxc3
43.Qb8+ Kh7 44.Bf3 Qc4 45.Rg1 Qxb4 46.Qe8 Qb3 47.Be4+ Kg7 48.Qe5+ Kg8 49.Qf5 Qe6
50.Qh7+ Kf8 51.Qh8+  1-0

[Event "TCh-CZE Liga1 Vychod"]
[Site "Czech Rep CZE"]
[Date "2011.10.02"]
[Round "1"]
[White "Brazdil, Roman"]
[Black "Torvenyi, Roman"]
[Result "1-0"]
[WhiteElo "2137"]
[BlackElo "2015"]

1.e4 d6 2.d4 Nf6 3.Nc3 e5 4.dxe5 dxe5 5.Qxd8+ Kxd8 6.Bc4 Be6 7.Bxe6 fxe6
8.f3 Nc6 9.Be3 Bb4 10.Ne2 Ke7 11.O-O-O a6 12.a3 Bd6 13.Rd2 h6 14.Rhd1 Na5
15.Rd3 Nc4 16.Bf2 Rhd8 17.Na4 Nd7 18.h3 b5 19.Nac3 Rab8 20.Na2 a5 21.Rc3 Ndb6
22.Bxb6 Rxb6 23.a4 Bb4 24.Rcd3 Bd2+ 25.R1xd2 Nxd2 26.Rxd8 Nb3+ 27.cxb3 Kxd8
28.axb5 Rxb5 29.Kc2 Ke7 30.Nac3 Rb8 31.Nc1 Kd6 32.Nd3 c6 33.Nd1 Rb5 34.Ne3 Ke7
35.Nc4 Kf6 36.Kc3  1-0

[Event "1st Qinhuangdao Open"]
[Site "Qinhuangdao CHN"]
[Date "2011.10.02"]
[Round "3"]
[White "Hoang Thi Bao Tram"]
[Black "Wang Rui"]
[Result "1/2-1/2"]
[WhiteElo "2331"]
[BlackElo "2432"]

1.d4 Nf6 2.Nc3 d6 3.e4 e5 4.dxe5 dxe5 5.Qxd8+ Kxd8 6.Bc4 Ke8 7.Nf3 Bd6 8.O-O a6
9.Ng5 Rf8 10.Nd5 Nbd7 11.Re1 h6 12.Nf3 b5 13.Bb3 Bb7 14.Bd2 Nxd5 15.Bc1 N5f6
16.Bd2 Nd5 17.Bxd5 c6 18.Bb3 Nc5 19.Rad1 Nxb3 20.axb3 Rd8 21.Ba5 Rd7 22.Rxd6 Rxd6
23.Bb4 Re6 24.Bxf8 Kxf8 25.b4 Ke7 26.Kf1 Kd6 27.Rd1+ Kc7 28.Nd2 Rd6 29.Ke2 Bc8
30.Ra1 Kb6 31.Nb3 Rd7 32.Ke3 Ra7 33.Rd1 Rd7 34.Ra1 Ra7 35.Rd1  1/2-1/2

[Event "Tatry Open"]
[Site "Tatranske Zruby SVK"]
[Date "2011.10.02"]
[Round "9.1"]
[White "Vojtek,V"]
[Black "Okhotnik,V"]
[Result "1/2-1/2"]
[WhiteElo "2311"]
[BlackElo "2445"]

1.e4 d6 2.d4 Nf6 3.Nc3 e5 4.dxe5 dxe5 5.Qxd8+ Kxd8 6.Bc4 Ke8 7.f3 Bc5 8.Bd2 c6
9.Bb3 Ke7 10.Nge2 Be6 11.Na4 Bd6 12.Bxe6 Kxe6 13.Be3 Nbd7 14.O-O-O b5 15.Nac3 Nb6
16.Rd3 Rhd8 17.Rhd1 Be7 18.Rxd8 Bxd8 19.b3 Nfd7 20.Kd2 a5 21.Nc1 a4 22.Nd3 Be7
23.Rb1 h5 24.f4 f6 25.Rf1 b4 26.Ne2 c5 27.fxe5 fxe5 28.Nb2 axb3 29.axb3 Nf6
30.Ng3 Ra2 31.Nd1 g6 32.Bg5 c4 33.bxc4 b3 34.Ne3 Nxc4+ 35.Nxc4 Rxc2+ 36.Kd3 Rxg2
37.Bxf6 Bxf6 38.Nd2 Rxh2 39.Nxb3 Rh3 40.Nc5+ Ke7 41.Rf3 Rh2 42.Nf1 Ra2 43.Ne3 Bg5
44.Nd5+ Kd6 45.Nb7+ Ke6 46.Nc3 Rd2+ 47.Kc4 Rd4+ 48.Kb5 Be7 49.Nc5+ Bxc5 50.Kxc5 h4
51.Rf8 g5 52.Rg8 Kf6 53.Nd5+ Kf7 54.Rxg5 Rxe4 55.Kd6 Re1 56.Rh5 e4 57.Rxh4 e3
58.Nxe3  1/2-1/2

[Event "20th TCh-CRO 1a"]
[Site "Sibenik CRO"]
[Date "2011.10.04"]
[Round "1.2"]
[White "Stevic,H"]
[Black "Markus,Rob"]
[Result "1/2-1/2"]
[WhiteElo "2621"]
[BlackElo "2635"]

1.e4 d6 2.d4 Nf6 3.Nc3 e5 4.dxe5 dxe5 5.Qxd8+ Kxd8 6.Bc4 Ke8 7.f3 c6 8.a4 a5
9.Nge2 Nbd7 10.Be3 Bc5 11.Nd1 Bxe3 12.Nxe3 Nc5 13.Nc1 Nfd7 14.Nd3 Nxd3+ 15.Bxd3 Nb6
16.Nc4 Nxc4 17.Bxc4 Ke7  1/2-1/2

[Event "20th TCh-CRO 1a"]
[Site "Sibenik CRO"]
[Date "2011.10.04"]
[Round "1.4"]
[White "Zaja,I"]
[Black "Jovanovic,Zo CRO"]
[Result "1-0"]
[WhiteElo "2483"]
[BlackElo "2589"]

1.d4 d6 2.e4 Nf6 3.Nc3 e5 4.Nf3 Nbd7 5.Bc4 Be7 6.O-O O-O 7.Re1 c6 8.a4 a5
9.h3 Nb6 10.Bf1 exd4 11.Nxd4 d5 12.e5 Ne8 13.Nce2 g6 14.Bh6 Ng7 15.Ng3 Bg5
16.Bxg5 Qxg5 17.Nf3 Qh6 18.Qd4 Nd7 19.c4 Ne6 20.Qc3 Nb6 21.Qb3 Nxc4 22.Bxc4 dxc4
23.Qxc4 Nc7 24.Re4 Be6 25.Qc5 Bd5 26.Rh4 Qg7 27.Ne4 Bxe4 28.Rxe4 Ne6 29.Qb6 Rfd8
30.Ree1 Rd7 31.Rad1 Re7 32.Re4 Qf8 33.Rd2 Qe8 34.Qe3 Rd8 35.Rh4 Nf8 36.Qc3 Rxd2
37.Qxd2 Rd7 38.Qxa5 Rd1+ 39.Kh2 Rd5 40.Qb6 Nd7 41.Qxb7 Nxe5 42.Re4 Nxf3+
43.gxf3 Re5 44.Qb4 Rxe4 45.Qxe4 Qb8+ 46.Kg2 Qxb2 47.Qxc6 Qd2 48.Qe8+ Kg7
49.Qe5+ Kg8 50.a5 Qa2 51.Qb5 Kg7 52.a6 Kh6 53.f4 f5 54.Qb7 Qa4 55.a7  1-0

[Event "20th TCh-CRO 1b"]
[Site "Sibenik CRO"]
[Date "2011.10.05"]
[Round "2.4"]
[White "Stojanovic,Da"]
[Black "Bogut,Z"]
[Result "1/2-1/2"]
[WhiteElo "2466"]
[BlackElo "2438"]

1.e4 d6 2.d4 Nf6 3.Nc3 Nbd7 4.Nf3 e5 5.Bc4 Be7 6.O-O O-O 7.Re1 c6 8.a4 h6
9.a5 Re8 10.d5 Qc7 11.Nd2 b5 12.axb6 Nxb6 13.dxc6 Nxc4 14.Nxc4 Qxc6 15.Ne3 Be6
16.Qd3 a5 17.Ncd5 Bxd5 18.exd5 Qb7 19.b3 Nd7 20.Nf5 Bf8 21.Bd2 Nc5 22.Qc4 Rec8
23.Rxa5 Rxa5 24.Bxa5 Ne6 25.Qe4 Ng5 26.Qe2 Qxd5 27.Bb4  1/2-1/2

[Event "FSGM Oct"]
[Site "Budapest HUN"]
[Date "2011.10.07"]
[Round "7"]
[White "Pap,M"]
[Black "Czebe,A"]
[Result "1-0"]
[WhiteElo "2512"]
[BlackElo "2513"]

1.e4 d6 2.d4 Nf6 3.Nc3 e5 4.Nf3 Nbd7 5.g4 Nxg4 6.Rg1 Ngf6 7.Bc4 h6 8.Be3 c6
9.dxe5 dxe5 10.Qd3 b5 11.Bb3 Qa5 12.O-O-O Ba6 13.Nd2 b4 14.Nc4 Qc7 15.Na4 Bb5
16.f3 g6 17.Rg2 Be7 18.Nd6+ Bxd6 19.Qxd6 Qxd6 20.Rxd6 Ke7 21.Rgd2 Bxa4 22.Bxa4 Rac8
23.Bxc6 Rc7 24.Rxf6 Kxf6 25.Bxd7 Rd8 26.Ba4  1-0